000 00492nam a22001817a 4500
005 20251108170923.0
008 250721s1984 xx 000 0 ara d
082 1 4 _aط/790.19/لور
100 1 _aلبكي، لورديس
245 1 0 _aفكر واقرأ وإعمل /
264 1 _aبيروت :
_bمكتبة لبنان،
_c1984.
300 _a64ص
490 0 _aسلسلة أنا أعمل
650 1 7 _aالتسلية
650 1 7 _aالأطفال
942 _2ddc
_cBK
999 _c52132
_d52132